Философия религии: Курс лекций

Մատենագիտական մանրամասներ
Հիմնական հեղինակ: Аванесов С. С. Сергей Сергеевич
Համատեղ հեղինակ: Томский государственный университет
Լեզու:ռուսերեն
Հրապարակվել է: Томск, Изд-во Томского ун-та, 2003
Խորագրեր:
Ձևաչափ: MixedMaterials Գիրք
KOHA link:https://koha.lib.tpu.ru/cgi-bin/koha/opac-detail.pl?biblionumber=62478

MARC

LEADER 00000nam0a2200000 4500
001 62478
005 20250225063226.0
010 |a 5751117030 
035 |a (RuTPU)RU\TPU\book\66264 
090 |a 62478 
100 |a 20040412d2003 m y0rusy50 ca 
101 0 |a rus 
102 |a RU 
105 |a y j 001zy 
200 1 |a Философия религии  |e Курс лекций  |f С. С. Аванесов  |g Томский государственный университет 
210 |a Томск  |c Изд-во Томского ун-та  |d 2003 
215 |a 193 с. 
320 |a Библиогр.: с. 190-192 
610 1 |a философия 
610 1 |a религия 
610 1 |a теория 
610 1 |a предмет 
610 1 |a источники 
610 1 |a природа 
610 1 |a учебные пособия 
686 |a Э210я73  |v LBC/SL-A  |2 rubbk 
700 1 |a Аванесов  |b С. С.  |g Сергей Сергеевич 
712 0 2 |a Томский государственный университет  |c 1917-2009  |7 ca  |8 rus  |2 stltpush  |3 (RuTPU)RU\TPU\col\397  |9 23396 
801 1 |a RU  |b 63413507  |c 20040412  |g PSBO 
801 2 |a RU  |b 63413507  |c 20120420  |g PSBO 
900 |a Религиоведение 
942 |c BK